000 00409nam a2200157Ia 4500
008 220803s9999 xx 000 0 und d
020 _a978-0-330-46267-9
041 _aeng
082 _a823 NEW
100 _aNewby E
_923513
245 _aShort Walk In The Hindu Kush
260 _aLondon
_bWilliam Collins And Sons
_c2008
300 _a264p
500 _aArchitecture
650 _aEnglish Literature
_923514
999 _c15024
_d15024